[Event "European Rapid Championship 2021"]
[Site "Katowice"]
[Date "2021.12.18"]
[Round "2.18"]
[White "Kalogeris, Ioannis"]
[Black "Panek, Bartosz"]
[Result "1-0"]
[WhiteElo "2357"]
[BlackElo "1838"]
[Annotator "ChessBase"]
[PlyCount "96"]
[EventDate "2021.12.18"]
[EventType "swiss"]
[EventCountry "POL"]
[SourceTitle "playchess.com"]
[Source "ChessBase"]
[SourceQuality "1"]
[TimeControl "900+10"]

1. e4 {[%emt 0:00:05]} c6 {[%emt 0:00:01]} 2. d4 {[%emt 0:00:11]} d5 {[%emt 0:
00:02]} 3. Nc3 {[%emt 0:00:10]} dxe4 {[%emt 0:00:02]} 4. Nxe4 {[%emt 0:00:04]}
Bf5 {[%emt 0:00:02]} 5. Qf3 {[%emt 0:00:04]} Bxe4 {[%emt 0:01:32]} 6. Qxe4 {
[%emt 0:00:04]} Nf6 {[%emt 0:00:20]} 7. Qe3 {[%emt 0:00:56]} g6 {[%emt 0:00:20]
} 8. Qb3 {[%emt 0:00:39]} Qd7 {[%emt 0:01:38]} 9. Nf3 {[%emt 0:00:33]} e6 {
[%emt 0:02:20]} 10. Bf4 {[%emt 0:02:08]} Bg7 {[%emt 0:05:45]} 11. O-O-O {
[%emt 0:02:03]} O-O {[%emt 0:00:55]} 12. Be2 {[%emt 0:00:34]} Nd5 {[%emt 0:00:
29]} 13. Be5 {[%emt 0:00:20]} Nb6 {[%emt 0:00:42]} 14. h4 {[%emt 0:00:13]} Qe7
{[%emt 0:00:38]} 15. h5 {[%emt 0:00:35]} N8d7 {[%emt 0:00:13]} 16. hxg6 {
[%emt 0:01:23]} hxg6 {[%emt 0:00:19]} 17. Qe3 {[%emt 0:00:21]} Nd5 {[%emt 0:00:
21]} 18. Qe4 {[%emt 0:00:19]} Nxe5 {[%emt 0:00:18]} 19. Nxe5 {[%emt 0:00:54]}
c5 {[%emt 0:00:55]} 20. f4 {[%emt 0:02:19]} cxd4 {[%emt 0:00:24]} 21. Rxd4 {
[%emt 0:00:03]} Rfd8 {[%emt 0:00:22]} 22. Bf3 {[%emt 0:01:15]} Rac8 {[%emt 0:
00:32]} 23. Rhd1 {[%emt 0:00:13]} Qc7 {[%emt 0:00:13]} 24. Rc4 {[%emt 0:00:32]}
Qb6 {[%emt 0:00:14]} 25. Rcd4 {[%emt 0:00:36]} Qc7 {[%emt 0:00:02]} 26. g3 {
[%emt 0:00:36]} Rd6 {[%emt 0:00:27]} 27. Rc4 {[%emt 0:00:48]} Qd8 {[%emt 0:00:
03]} 28. Rxc8 {[%emt 0:00:30]} Qxc8 29. Qc4 {[%emt 0:00:26]} Qxc4 {[%emt 0:00:
29]} 30. Nxc4 {[%emt 0:00:02]} Rd7 {[%emt 0:00:15]} 31. Ne3 {[%emt 0:00:25]}
Nb6 {[%emt 0:00:13]} 32. Rxd7 {[%emt 0:00:05]} Nxd7 {[%emt 0:00:01]} 33. Bxb7 {
[%emt 0:00:03]} e5 {[%emt 0:00:09]} 34. b4 {[%emt 0:00:14]} exf4 {[%emt 0:00:
03]} 35. gxf4 {[%emt 0:00:02]} Bh6 {[%emt 0:00:02]} 36. Ng2 {[%emt 0:00:23]}
Kf8 {[%emt 0:00:05]} 37. Kd2 {[%emt 0:00:04]} Ke7 {[%emt 0:00:08]} 38. c4 {
[%emt 0:00:04]} g5 {[%emt 0:00:16]} 39. Ne3 {[%emt 0:00:06]} Ke6 {[%emt 0:00:
35]} 40. Bd5+ {[%emt 0:00:11]} Kf6 {[%emt 0:00:07]} 41. Ng4+ {[%emt 0:00:04]}
Kg6 {[%emt 0:00:06]} 42. f5+ {[%emt 0:00:38]} Kg7 {[%emt 0:00:08]} 43. Nxh6 {
[%emt 0:00:24]} Kxh6 {[%emt 0:00:01]} 44. Bxf7 {[%emt 0:00:01]} g4 {[%emt 0:00:
01]} 45. Be6 {[%emt 0:00:07]} Ne5 {[%emt 0:00:13]} 46. f6 {[%emt 0:00:21]} g3 {
[%emt 0:00:09]} 47. Ke2 {[%emt 0:00:08]} g2 {[%emt 0:00:29]} 48. Kf2 {[%emt 0:
00:09]} Ng4+ {[%emt 0:00:12]} 1-0

[Event "European Rapid Championship 2021"]
[Site "Katowice"]
[Date "2021.12.18"]
[Round "2.18"]
[White "Gasik, Piotr"]
[Black "Gumularz, Szymon"]
[Result "0-1"]
[WhiteElo "1911"]
[BlackElo "2452"]
[Annotator "ChessBase"]
[PlyCount "36"]
[EventDate "2021.12.18"]
[EventType "swiss"]
[EventCountry "POL"]
[SourceTitle "playchess.com"]
[Source "ChessBase"]
[SourceQuality "1"]
[TimeControl "900+10"]

1. c4 {[%emt 0:00:05]} g6 {[%emt 0:00:07]} 2. Nf3 {[%emt 0:00:03]} Bg7 {
[%emt 0:00:02]} 3. Nc3 {[%emt 0:00:01]} c5 {[%emt 0:00:05]} 4. d4 {[%emt 0:00:
21]} cxd4 {[%emt 0:00:02]} 5. Nxd4 {[%emt 0:00:02]} Nc6 {[%emt 0:00:01]} 6. Nc2
{[%emt 0:00:01]} d6 {[%emt 0:00:20]} 7. e4 {[%emt 0:01:03]} Bxc3+ {[%emt 0:00:
09]} 8. bxc3 {[%emt 0:00:04]} Qa5 {[%emt 0:00:02]} 9. Qd2 {[%emt 0:01:02]} Nf6
{[%emt 0:00:12]} 10. f3 {[%emt 0:00:06]} Be6 {[%emt 0:00:05]} 11. Nb4 {[%emt 0:
00:16]} Rc8 {[%emt 0:00:07]} 12. Nd5 {[%emt 0:00:16]} Nd7 {[%emt 0:00:39]} 13.
Qh6 {[%emt 0:01:58]} Bxd5 {[%emt 0:00:41]} 14. Qg7 {[%emt 0:00:02]} Nf6 {
[%emt 0:00:13]} 15. Qxh8+ {[%emt 0:03:11]} Kd7 {[%emt 0:00:02]} 16. Qxc8+ {
[%emt 0:00:03]} Kxc8 {[%emt 0:00:02]} 17. cxd5 {[%emt 0:00:11]} Qxc3+ {[%emt 0:
00:02]} 18. Kd1 {[%emt 0:00:02]} Nd4 {[%emt 0:00:58]} 0-1

[Event "European Rapid Championship 2021"]
[Site "Katowice"]
[Date "2021.12.18"]
[Round "2.19"]
[White "Krasenkow, Michal"]
[Black "Spanos, Nomikos"]
[Result "1-0"]
[WhiteElo "2576"]
[BlackElo "1914"]
[Annotator "TA"]
[PlyCount "53"]
[EventDate "2021.12.18"]
[EventType "swiss"]
[EventCountry "POL"]
[SourceTitle "playchess.com"]
[Source "ChessBase"]
[SourceQuality "1"]

{[%evp 9,53,54,48,53,58,67,56,20,29,33,14,14,34,14,60,66,122,124,169,44,145,
147,143,135,396,389,389,385,476,305,567,550,1028,864,29979,6487,29988,2384,
29993,29994,29994,29995,29995,29996,29996,29997]} 1. Nf3 d5 2. d4 g6 3. c4 c6
4. Nc3 Bg7 5. cxd5 cxd5 6. Qb3 {D11: Slav Defence: 3 Nf3 sidelines and 3...Nf6
4 e3 Bg4.} e6 7. Bf4 {Hoping for Nb5.} a6 {Inhibits Nb5.} 8. e4 {[%cal Re4d5,
Be2e4,Be4e5][%mdl 32] White is slightly better.} Ne7 {[#]} 9. e5 $146 ({
Predecessor:} 9. Be2 Nbc6 10. O-O O-O 11. Rad1 b5 12. exd5 Nxd5 13. Nxd5 Qxd5
14. Qxd5 exd5 15. Ne5 Nxe5 16. Bxe5 Bxe5 17. dxe5 {½-½ (54) Lammers,M (2271)
-Kosak,R (2229) Germany 2005}) 9... Nbc6 10. Bd3 O-O 11. Ne2 b5 (11... f6 $11 {
is more appropriate.}) 12. h4 $14 f6 (12... h5 $14) 13. exf6 $16 {White is
more active.} Bxf6 {[#]} (13... Rxf6 $16 14. h5 Qb6) 14. Bh6 (14. h5 $1 $18)
14... Bg7 (14... Rf7 $1 $14) 15. Bxg7 Kxg7 16. h5 Nf5 $2 {[%mdl 8192] A
mistake that costs the game.} (16... e5 $16 {was worth a try.}) 17. hxg6 $18
hxg6 18. Bxf5 Rxf5 19. Qe3 Qg8 $2 (19... Qf6 20. Rc1 Bd7 21. Qh6+ Kf7 22. Qh7+
Qg7) 20. Ng3 e5 21. Nxe5 Nb4 22. Rc1 Ra7 {[#]} 23. a3 (23. Rxc8 $142 $1 {
[%mdl 512]} Nd3+ 24. Kd2 Rxf2+ 25. Kxd3 Qxc8 26. Qh6+ Kf6 27. Qxg6+ Ke7 28.
Rh7+ Kf8 29. Rh8+ Ke7 30. Rxc8 Ra8 31. Rxa8 Rf8 32. Rxf8 Kxf8 33. Qf7#) 23...
Na2 {[#]} 24. Rxc8 $1 {[%mdl 512] White mates.} Qxc8 (24... Rf4 25. Qxf4) 25.
Qh6+ Kf6 26. Qxg6+ Ke7 27. Rh7+ {Weighted Error Value: White=0.23 (precise) /
Black=1.43} 1-0

[Event "European Rapid Championship 2021"]
[Site "Katowice"]
[Date "2021.12.18"]
[Round "2.19"]
[White "Frej, Zofia"]
[Black "Kuegel, Tobias"]
[Result "1/2-1/2"]
[WhiteElo "1838"]
[BlackElo "2242"]
[Annotator "ChessBase"]
[PlyCount "126"]
[EventDate "2021.12.18"]
[EventType "swiss"]
[EventCountry "POL"]
[SourceTitle "playchess.com"]
[Source "ChessBase"]
[SourceQuality "1"]
[TimeControl "900+10"]

1. e4 {[%emt 0:00:03]} e5 {[%emt 0:00:20]} 2. Nf3 {[%emt 0:00:04]} Nc6 {
[%emt 0:00:04]} 3. Bc4 {[%emt 0:00:07]} Bc5 {[%emt 0:00:09]} 4. d3 {[%emt 0:00:
35]} Nf6 {[%emt 0:00:11]} 5. O-O {[%emt 0:00:06]} O-O {[%emt 0:00:24]} 6. c3 {
[%emt 0:00:03]} h6 {[%emt 0:00:34]} 7. Nbd2 {[%emt 0:00:21]} a6 {[%emt 0:01:57]
} 8. Bb3 {[%emt 0:01:31]} Re8 {[%emt 0:00:32]} 9. h3 {[%emt 0:01:08]} d6 {
[%emt 0:02:28]} 10. Re1 {[%emt 0:00:41]} Ba7 {[%emt 0:02:59]} 11. Nf1 {[%emt 0:
00:42]} Be6 {[%emt 0:01:26]} 12. Bc2 {[%emt 0:00:07]} d5 {[%emt 0:00:20]} 13.
exd5 {[%emt 0:01:27]} Bxd5 {[%emt 0:03:18]} 14. Ng3 {[%emt 0:00:25]} Qd7 {
[%emt 0:00:06]} 15. Be3 {[%emt 0:00:36]} Bxe3 {[%emt 0:00:26]} 16. Rxe3 {
[%emt 0:00:48]} Rad8 {[%emt 0:00:46]} 17. Qe2 {[%emt 0:00:47]} Bxf3 {[%emt 0:
00:21]} 18. Qxf3 {[%emt 0:00:03]} Qd5 {[%emt 0:00:57]} 19. Ne4 {[%emt 0:01:43]}
Nxe4 {[%emt 0:00:08]} 20. Rxe4 {[%emt 0:00:13]} Rf8 {[%emt 0:00:24]} 21. Qh5 {
[%emt 0:00:41]} Rd6 {[%emt 0:00:22]} 22. Rg4 {[%emt 0:03:13]} Kh8 {[%emt 0:00:
02]} 23. Rg3 {[%emt 0:00:07]} Qb5 {[%emt 0:00:24]} 24. Rb1 {[%emt 0:00:53]} Qa5
{[%emt 0:00:18]} 25. Bb3 {[%emt 0:00:46]} Rf6 {[%emt 0:00:01]} 26. Re1 {
[%emt 0:00:36]} Qb6 {[%emt 0:00:11]} 27. Re2 {[%emt 0:00:07]} Kg8 {[%emt 0:00:
06]} 28. Qg4 {[%emt 0:00:11]} g6 {[%emt 0:00:16]} 29. Qh4 {[%emt 0:00:21]} Kg7
{[%emt 0:00:01]} 30. Qe4 {[%emt 0:00:28]} Rd8 {[%emt 0:00:15]} 31. Rf3 {
[%emt 0:00:15]} Rxf3 {[%emt 0:00:06]} 32. Qxf3 {[%emt 0:00:02]} Rd7 {[%emt 0:
00:07]} 33. Qe4 {[%emt 0:00:26]} Qc5 {[%emt 0:00:09]} 34. Re3 {[%emt 0:00:11]}
Qd6 {[%emt 0:00:16]} 35. Bc2 {[%emt 0:00:37]} Qd5 {[%emt 0:00:04]} 36. Qxd5 {
[%emt 0:00:08]} Rxd5 {[%emt 0:00:01]} 37. Kf1 {[%emt 0:00:07]} f5 {[%emt 0:00:
08]} 38. g3 {[%emt 0:00:10]} Kf6 {[%emt 0:00:03]} 39. Ke2 {[%emt 0:00:14]} Rb5
{[%emt 0:00:14]} 40. b3 {[%emt 0:00:19]} Rc5 {[%emt 0:00:06]} 41. Kd2 {[%emt 0:
00:01]} a5 {[%emt 0:00:14]} 42. f4 {[%emt 0:00:15]} b5 {[%emt 0:00:37]} 43.
fxe5+ {[%emt 0:00:08]} Rxe5 {[%emt 0:00:03]} 44. Rxe5 {[%emt 0:00:16]} Kxe5 {
[%emt 0:00:16]} 45. Ke3 {[%emt 0:00:02]} b4 {[%emt 0:00:10]} 46. d4+ {[%emt 0:
00:09]} Kf6 {[%emt 0:00:07]} 47. c4 {[%emt 0:00:03]} Nd8 {[%emt 0:00:08]} 48.
Bd1 {[%emt 0:00:19]} Ne6 {[%emt 0:00:05]} 49. Bf3 {[%emt 0:00:21]} c5 {[%emt 0:
00:05]} 50. dxc5 {[%emt 0:00:18]} Nxc5 {[%emt 0:00:09]} 51. Kd4 {[%emt 0:00:06]
} Ne6+ {[%emt 0:00:06]} 52. Kd5 {[%emt 0:00:04]} g5 {[%emt 0:00:09]} 53. c5 {
[%emt 0:00:19]} f4 {[%emt 0:00:24]} 54. g4 {[%emt 0:00:09]} Ke7 {[%emt 0:00:14]
} 55. c6 {[%emt 0:00:01]} Nc7+ {[%emt 0:00:11]} 56. Kc5 {[%emt 0:00:21]} Ne6+ {
[%emt 0:00:09]} 57. Kd5 {[%emt 0:00:06]} Nc7+ {[%emt 0:00:05]} 58. Kc5 {
[%emt 0:00:02]} Ne6+ {[%emt 0:00:01]} 59. Kb6 {[%emt 0:00:18]} Kd6 {[%emt 0:00:
04]} 60. Be4 {[%emt 0:00:16]} Nc7 {[%emt 0:00:09]} 61. Bf3 {[%emt 0:00:01]} Ne6
{[%emt 0:00:07]} 62. Be4 {[%emt 0:00:18]} Nc7 {[%emt 0:00:03]} 63. Bf3 {
[%emt 0:00:12]} Ne6 1/2-1/2

[Event "European Rapid Championship 2021"]
[Site "Katowice"]
[Date "2021.12.18"]
[Round "2.20"]
[White "Tolmacevs, Artjoms"]
[Black "Mirzoev, Emil"]
[Result "0-1"]
[WhiteElo "1908"]
[BlackElo "2418"]
[Annotator "NA"]
[PlyCount "58"]
[EventDate "2021.12.18"]
[EventType "swiss"]
[EventCountry "POL"]
[SourceTitle "playchess.com"]
[Source "ChessBase"]
[SourceQuality "1"]
[TimeControl "900+10"]

1. e4 {[%emt 0:00:01]} Nf6 {[%emt 0:00:04]} 2. e5 {[%emt 0:00:01]} Nd5 {
[%emt 0:00:01]} 3. d4 {[%emt 0:00:01]} d6 {[%emt 0:00:01]} 4. Nf3 {[%emt 0:00:
02]} Bg4 {[%emt 0:00:18]} 5. Be2 {[%emt 0:00:02]} c6 {[%emt 0:00:01]} 6. O-O {
[%emt 0:00:29]} Bxf3 {[%emt 0:00:19]} 7. Bxf3 {[%emt 0:00:03]} dxe5 {[%emt 0:
00:01]} 8. dxe5 {[%emt 0:00:02]} e6 {[%emt 0:00:02]} 9. c4 {[%emt 0:01:09]} Ne7
{[%emt 0:00:07]} 10. Qe2 {[%emt 0:01:06]} Nd7 {[%emt 0:01:32]} 11. Bg5 {
[%emt 0:02:31]} Qc7 {[%emt 0:00:44]} 12. Bxe7 {[%emt 0:00:02]} Bxe7 {[%emt 0:
00:23]} 13. Re1 {[%emt 0:00:02]} Bb4 {[%emt 0:00:25]} 14. Nc3 {[%emt 0:00:08]}
Bxc3 {[%emt 0:00:14]} 15. bxc3 {[%emt 0:00:03]} O-O {[%emt 0:01:30]} 16. Rad1 {
[%emt 0:00:23]} Rad8 {[%emt 0:00:23]} 17. Rd4 {[%emt 0:00:20]} Qa5 {[%emt 0:00:
53]} 18. Qe3 {[%emt 0:06:32]} Rfe8 {[%emt 0:04:22]} 19. Rh4 {[%emt 0:00:16]}
Qc5 {[%emt 0:00:54]} 20. Be4 {[%emt 0:00:39]} Qxe3 {[%emt 0:00:29]} 21. Bxh7+ {
[%emt 0:00:41]} Kf8 {[%emt 0:00:17]} 22. Rxe3 {[%emt 0:00:02]} g6 {[%emt 0:01:
49]} 23. f4 {[%emt 0:00:41]} Kg7 {[%emt 0:00:06]} 24. g4 {[%emt 0:00:55]} Rh8 {
[%emt 0:01:55]} 25. Reh3 {[%emt 0:00:01]} Nf8 {[%emt 0:00:23]} 26. f5 {[%emt 0:
01:21]} Rxh7 {[%emt 0:00:06]} 27. fxe6 {[%emt 0:00:48]} Rxh4 {[%emt 0:00:25]}
28. e7 {[%emt 0:00:03]} Rxg4+ {[%emt 0:00:01]} 29. Kf2 {[%emt 0:00:02]} Re8 {
[%emt 0:00:15]} 0-1

[Event "European Rapid Championship 2021"]
[Site "Katowice"]
[Date "2021.12.18"]
[Round "2.20"]
[White "Koubova, Anna Marie"]
[Black "Fus, Jakub"]
[Result "0-1"]
[WhiteElo "1837"]
[BlackElo "2252"]
[Annotator "ChessBase"]
[PlyCount "100"]
[EventDate "2021.12.18"]
[EventType "swiss"]
[EventCountry "POL"]
[SourceTitle "playchess.com"]
[Source "ChessBase"]
[SourceQuality "1"]
[TimeControl "900+10"]

1. d4 {[%emt 0:00:34]} Nf6 {[%emt 0:00:03]} 2. c4 {[%emt 0:00:11]} e6 {[%emt 0:
00:03]} 3. Nf3 {[%emt 0:00:25]} Bb4+ {[%emt 0:00:11]} 4. Nc3 {[%emt 0:00:20]}
O-O {[%emt 0:00:06]} 5. Bd2 {[%emt 0:00:13]} d5 {[%emt 0:00:09]} 6. e3 {
[%emt 0:00:14]} b6 {[%emt 0:00:04]} 7. cxd5 {[%emt 0:00:07]} exd5 {[%emt 0:00:
03]} 8. Bd3 {[%emt 0:00:24]} Bb7 {[%emt 0:00:01]} 9. O-O {[%emt 0:00:06]} c5 {
[%emt 0:00:59]} 10. Ne5 {[%emt 0:00:09]} Nc6 {[%emt 0:00:14]} 11. Ne2 {[%emt 0:
01:12]} Bxd2 {[%emt 0:00:50]} 12. Nxc6 {[%emt 0:00:59]} Bxc6 {[%emt 0:00:02]}
13. Qxd2 {[%emt 0:00:02]} c4 {[%emt 0:00:05]} 14. Bc2 {[%emt 0:00:53]} b5 {
[%emt 0:00:01]} 15. Ng3 {[%emt 0:01:17]} a5 {[%emt 0:00:13]} 16. f3 {[%emt 0:
00:35]} Re8 {[%emt 0:00:07]} 17. Rae1 {[%emt 0:00:36]} Qb6 {[%emt 0:04:31]} 18.
Qf2 {[%emt 0:00:34]} Rad8 {[%emt 0:00:12]} 19. Nf5 {[%emt 0:02:47]} Bd7 {
[%emt 0:00:02]} 20. Nh4 {[%emt 0:00:04]} Be6 {[%emt 0:00:29]} 21. g4 {[%emt 0:
02:33]} h6 {[%emt 0:00:02]} 22. Kh1 {[%emt 0:00:25]} Nh7 {[%emt 0:03:05]} 23.
Ng2 {[%emt 0:01:47]} b4 {[%emt 0:00:28]} 24. Qh4 {[%emt 0:01:14]} Bc8 {[%emt 0:
00:22]} 25. Nf4 {[%emt 0:00:22]} g5 {[%emt 0:01:39]} 26. Qh5 {[%emt 0:00:11]}
gxf4 {[%emt 0:00:01]} 27. Bxh7+ {[%emt 0:00:02]} Kxh7 {[%emt 0:00:02]} 28.
Qxf7+ {[%emt 0:00:02]} Kh8 {[%emt 0:00:00]} 29. Qxf4 {[%emt 0:01:00]} Rf8 {
[%emt 0:00:12]} 30. Qe5+ {[%emt 0:00:10]} Qf6 {[%emt 0:00:02]} 31. Qc7 {
[%emt 0:00:14]} Rf7 {[%emt 0:00:41]} 32. Qxa5 {[%emt 0:00:06]} Rdf8 {[%emt 0:
00:01]} 33. Qxb4 {[%emt 0:00:23]} Qg7 {[%emt 0:00:14]} 34. Qd6 {[%emt 0:00:17]}
Bxg4 {[%emt 0:00:13]} 35. f4 {[%emt 0:00:15]} Bf5 {[%emt 0:00:03]} 36. Qxd5 {
[%emt 0:00:05]} Rd7 {[%emt 0:04:04]} 37. Qg2 {[%emt 0:00:18]} Qxg2+ {[%emt 0:
00:27]} 38. Kxg2 {[%emt 0:00:00]} Be4+ {[%emt 0:00:02]} 39. Kf2 {[%emt 0:00:08]
} Rb8 {[%emt 0:00:01]} 40. b3 c3 {[%emt 0:00:07]} 41. Rc1 {[%emt 0:00:16]} Rc7
{[%emt 0:00:10]} 42. Rfd1 {[%emt 0:00:16]} Ra8 {[%emt 0:00:05]} 43. Ra1 {
[%emt 0:00:14]} Rg7 {[%emt 0:00:44]} 44. Rg1 {[%emt 0:00:06]} Rga7 {[%emt 0:00:
00]} 45. a4 {[%emt 0:00:07]} Rb8 {[%emt 0:00:01]} 46. Ra3 {[%emt 0:00:06]} Rab7
{[%emt 0:00:12]} 47. b4 {[%emt 0:00:04]} Rxb4 {[%emt 0:00:12]} 48. Rxc3 {
[%emt 0:00:02]} Rb2+ {[%emt 0:00:01]} 49. Kg3 {[%emt 0:00:38]} Rg8+ {[%emt 0:
00:01]} 50. Kh4 {[%emt 0:00:01]} Rxh2# {[%emt 0:00:03]} 0-1

[Event "European Rapid Championship 2021"]
[Site "Katowice"]
[Date "2021.12.18"]
[Round "2.21"]
[White "Brodowski, Piotr"]
[Black "Pozimski, Szymon"]
[Result "1-0"]
[WhiteElo "2414"]
[BlackElo "1911"]
[Annotator "NA"]
[PlyCount "57"]
[EventDate "2021.12.18"]
[EventType "swiss"]
[EventCountry "POL"]
[SourceTitle "playchess.com"]
[Source "ChessBase"]
[SourceQuality "1"]
[TimeControl "900+10"]

1. d4 {[%emt 0:00:03]} d5 {[%emt 0:00:01]} 2. c4 {[%emt 0:00:03]} dxc4 {
[%emt 0:00:01]} 3. e4 {[%emt 0:00:38]} e5 {[%emt 0:00:02]} 4. Nf3 {[%emt 0:00:
02]} Bb4+ {[%emt 0:00:07]} 5. Bd2 {[%emt 0:00:09]} Bxd2+ {[%emt 0:00:02]} 6.
Qxd2 {[%emt 0:00:31]} exd4 {[%emt 0:00:05]} 7. Qxd4 {[%emt 0:00:15]} Qxd4 {
[%emt 0:00:02]} 8. Nxd4 {[%emt 0:00:01]} Bd7 {[%emt 0:00:20]} 9. Bxc4 {[%emt 0:
00:05]} Ne7 {[%emt 0:00:01]} 10. Nc3 {[%emt 0:00:14]} a6 {[%emt 0:00:02]} 11.
O-O-O {[%emt 0:01:34]} b5 {[%emt 0:00:32]} 12. Bb3 {[%emt 0:01:19]} c5 {
[%emt 0:00:06]} 13. Nf3 {[%emt 0:04:48]} c4 {[%emt 0:00:08]} 14. Bc2 {[%emt 0:
00:01]} Bg4 {[%emt 0:00:02]} 15. Nd5 {[%emt 0:01:12]} Nxd5 {[%emt 0:00:10]} 16.
Rxd5 {[%emt 0:00:02]} O-O {[%emt 0:00:16]} 17. Nd4 {[%emt 0:00:13]} Be6 {
[%emt 0:03:15]} 18. Rd6 {[%emt 0:00:04]} Ra7 {[%emt 0:00:30]} 19. Rd1 {[%emt 0:
00:02]} Bc8 {[%emt 0:02:26]} 20. e5 {[%emt 0:00:47]} Rc7 {[%emt 0:01:05]} 21.
f4 {[%emt 0:00:10]} Bg4 {[%emt 0:00:25]} 22. Rd2 {[%emt 0:00:17]} c3 {[%emt 0:
00:54]} 23. bxc3 {[%emt 0:00:02]} Rxc3 {[%emt 0:00:01]} 24. Kb2 {[%emt 0:00:01]
} Rc7 {[%emt 0:00:23]} 25. Bb3 {[%emt 0:00:43]} Bc8 {[%emt 0:00:25]} 26. e6 {
[%emt 0:00:33]} fxe6 {[%emt 0:00:04]} 27. Nxe6 {[%emt 0:00:02]} Bxe6 {[%emt 0:
00:02]} 28. Bxe6+ {[%emt 0:00:02]} Kh8 {[%emt 0:00:01]} 29. Rd8 1-0

[Event "European Rapid Championship 2021"]
[Site "Katowice"]
[Date "2021.12.18"]
[Round "2.21"]
[White "Szczygiel, Konrad"]
[Black "Grabarczyk, Miroslaw"]
[Result "0-1"]
[WhiteElo "1835"]
[BlackElo "2373"]
[Annotator "NA"]
[PlyCount "58"]
[EventDate "2021.12.18"]
[EventType "swiss"]
[EventCountry "POL"]
[SourceTitle "playchess.com"]
[Source "ChessBase"]
[SourceQuality "1"]
[TimeControl "900+10"]

1. d4 {[%emt 0:00:02]} d5 {[%emt 0:00:02]} 2. c4 {[%emt 0:00:01]} e6 {[%emt 0:
00:02]} 3. Nc3 {[%emt 0:00:03]} Be7 {[%emt 0:00:05]} 4. Nf3 {[%emt 0:00:02]}
Nf6 {[%emt 0:00:02]} 5. e3 {[%emt 0:00:02]} O-O {[%emt 0:00:03]} 6. Bd3 {
[%emt 0:00:02]} b6 {[%emt 0:00:09]} 7. e4 {[%emt 0:00:06]} dxe4 {[%emt 0:00:46]
} 8. Nxe4 {[%emt 0:00:02]} Bb7 {[%emt 0:00:02]} 9. Nxf6+ {[%emt 0:00:31]} Bxf6
{[%emt 0:00:03]} 10. h4 {[%emt 0:00:02]} Bxf3 {[%emt 0:02:53]} 11. Qxf3 {
[%emt 0:00:02]} Qxd4 {[%emt 0:00:02]} 12. Qxa8 {[%emt 0:00:01]} Qxd3 {[%emt 0:
00:09]} 13. Qf3 {[%emt 0:03:25]} Qxc4 {[%emt 0:00:04]} 14. Qe2 {[%emt 0:00:44]}
Qb4+ {[%emt 0:00:43]} 15. Kf1 {[%emt 0:01:21]} Nc6 {[%emt 0:00:18]} 16. Bg5 {
[%emt 0:02:13]} Qxb2 {[%emt 0:01:16]} 17. Rc1 {[%emt 0:00:51]} Qxe2+ {[%emt 0:
00:55]} 18. Kxe2 {[%emt 0:00:02]} Nd4+ {[%emt 0:00:09]} 19. Ke3 {[%emt 0:02:37]
} c5 {[%emt 0:00:37]} 20. Bxf6 {[%emt 0:00:47]} gxf6 {[%emt 0:00:02]} 21. g3 {
[%emt 0:01:59]} Rd8 {[%emt 0:00:24]} 22. Rhd1 {[%emt 0:00:17]} f5 {[%emt 0:00:
24]} 23. Rd2 {[%emt 0:00:56]} Kg7 {[%emt 0:00:27]} 24. Rb2 {[%emt 0:00:50]} Rd5
{[%emt 0:00:53]} 25. a4 {[%emt 0:00:26]} Kf6 {[%emt 0:00:19]} 26. a5 {[%emt 0:
00:04]} b5 {[%emt 0:00:02]} 27. Rxc5 {[%emt 0:00:45]} Rxc5 {[%emt 0:00:02]} 28.
Kxd4 {[%emt 0:00:01]} Rc4+ {[%emt 0:00:11]} 29. Kd3 {[%emt 0:00:04]} a6 {
[%emt 0:00:02]} 0-1

[Event "European Rapid Championship 2021"]
[Site "Katowice"]
[Date "2021.12.18"]
[Round "2.22"]
[White "Wisniewski, Michal"]
[Black "Vercelli, Alessandro"]
[Result "1-0"]
[WhiteElo "2248"]
[BlackElo "1830"]
[Annotator "NA"]
[PlyCount "59"]
[EventDate "2021.12.18"]
[EventType "swiss"]
[EventCountry "POL"]
[SourceTitle "playchess.com"]
[Source "ChessBase"]
[SourceQuality "1"]
[TimeControl "900+10"]

1. Nf3 {[%emt 0:00:03]} Nf6 {[%emt 0:00:01]} 2. c4 {[%emt 0:00:01]} e6 {
[%emt 0:00:06]} 3. g3 {[%emt 0:00:02]} b6 {[%emt 0:00:09]} 4. Bg2 {[%emt 0:00:
02]} Bb7 {[%emt 0:00:01]} 5. O-O {[%emt 0:00:02]} Be7 {[%emt 0:00:02]} 6. b3 {
[%emt 0:00:02]} O-O {[%emt 0:00:11]} 7. Bb2 {[%emt 0:00:02]} d5 {[%emt 0:00:11]
} 8. e3 {[%emt 0:00:15]} c5 {[%emt 0:00:24]} 9. Nc3 {[%emt 0:00:03]} Nbd7 {
[%emt 0:00:02]} 10. Qe2 {[%emt 0:00:03]} Rc8 {[%emt 0:01:19]} 11. Rac1 {
[%emt 0:00:06]} Qc7 {[%emt 0:00:11]} 12. Rfd1 {[%emt 0:00:08]} Qb8 {[%emt 0:00:
30]} 13. cxd5 {[%emt 0:00:18]} exd5 {[%emt 0:01:59]} 14. d4 {[%emt 0:00:02]}
Rfd8 {[%emt 0:00:26]} 15. Na4 {[%emt 0:00:46]} Ne4 {[%emt 0:00:43]} 16. dxc5 {
[%emt 0:00:38]} bxc5 {[%emt 0:01:48]} 17. Nd2 {[%emt 0:00:06]} Ndf6 {[%emt 0:
05:04]} 18. Nxe4 {[%emt 0:01:41]} Nxe4 {[%emt 0:00:06]} 19. Qg4 {[%emt 0:00:04]
} Nf6 {[%emt 0:01:27]} 20. Bxf6 {[%emt 0:00:29]} Bxf6 {[%emt 0:00:01]} 21. Rxc5
{[%emt 0:00:15]} Rxc5 {[%emt 0:02:06]} 22. Nxc5 {[%emt 0:00:02]} Bc6 {[%emt 0:
00:17]} 23. Nd3 {[%emt 0:00:17]} Qb5 {[%emt 0:01:06]} 24. Nf4 {[%emt 0:02:21]}
g6 {[%emt 0:00:02]} 25. Qe2 {[%emt 0:00:01]} d4 {[%emt 0:00:42]} 26. Qxb5 {
[%emt 0:00:06]} Bxb5 {[%emt 0:00:01]} 27. Nd5 {[%emt 0:00:01]} Bg7 {[%emt 0:00:
32]} 28. exd4 {[%emt 0:00:02]} f6 {[%emt 0:00:03]} 29. Nc7 {[%emt 0:00:25]} Kf7
{[%emt 0:00:14]} 30. Nxb5 {[%emt 0:00:00]} 1-0